00728nam a2200205 a 450000100060000000300090000600800410001502000150005604000280007108200210009910000420012024501090016225000060027126000360027730000090031350501230032265000320044565000160047765000290049320758CO-ViMGA141112s2004 ck r 000 u spa d a8448199847 aCO-ViMGAbspacCO-ViMGA04a636.089075 P154c1 aPaniagua Gómez - Álvarez, Ricardo10aCitología e histología vegetal y animal : bBiología de las celulas y tejidos animales y vegetales a3 aMadrid : bMc Graw Hill, c2002 a998p aCitología 3 - - Embriología animal 367 - - Hidtología animal 473 - - Histología y organografía vegetal 775 14aCELULAS Y TEJIDOS VEGETALES14aCITOLOGÍA14aHISTOLOGÍA VETERINARIA